00465nam a2200181Ia 4500008004100000041000800041082001600049100001400065245006400079260004900143300000800192365000800200500001400208501000700222520000700229650002800236999001900264230725s1993 xx 000 0 und d aeng a615.19bSET aP.D.SETHI aQUANTITATIVE ANALYSIS OF DRUG IN PHARMACEUTICAL FORMULATION aDELHIbC.B.S. PUBLISHERS & DISTRUTORS c1993 a540 h15% aTEXT BOOK aPA aPB aPHARMACEUTICAL ANALYSIS c767178d767178